[Event "Karl Mala Memorial op-B 16th"]
[Site "Frankfurt"]
[Date "2013.07.12"]
[Round "2"]
[White "Goldschmidt, Andreas"]
[Black "Grunwald, Eva"]
[Result "1-0"]
[WhiteElo "1836"]
[BlackElo "997"]
[PlyCount "69"]
[EventDate "2013.07.11"]
[EventType "swiss"]
[EventRounds "7"]
[EventCountry "GER"]
[SourceTitle "CBM 155 Extra"]
[Source "ChessBase"]
[SourceDate "2013.08.26"]
[SourceVersion "1"]
[SourceVersionDate "2013.08.26"]
[SourceQuality "1"]

1. d4 Nf6 2. c4 e6 3. Nf3 Be7 4. Nc3 0-0 5. Bg5 d5 6. e3 b6 7. cxd5 exd5 8. Rc1 c6 9. Be2 Bf5 10. Ne5 Qd6 11. Bf4 Qe6 12. 0-0 Nbd7 13. g4 Bg6 14. g5 Ne4 15. Bg4 Bf5 16. Nxe4 Bxg4 17. Nxg4 dxe4 18. Kh1 Rac8 19. Rg1 Qxa2 20. Ra1 Qd5 21. Rxa7 Bd6 22. Rxd7 Rfd8 23. Rxd6 Rxd6 24. Bxd6 Qxd6 25. Qb3 b5 26. Ne5 Rc7 27. Ra1 Qd8 28. Ra6 c5 29. Qa2 c4 30. Qa5 g6 31. Qxb5 Kg7 32. Nxc4 Qe7 33. Qe5+ f6 34. gxf6+ Qxf6 35. Qxf6+ 1-0

[Event "Karl Mala Memorial op-B 16th"]
[Site "Frankfurt"]
[Date "2013.07.12"]
[Round "3"]
[White "Hartge, Simon"]
[Black "Goldschmidt, Andreas"]
[Result "1/2-1/2"]
[WhiteElo "1411"]
[BlackElo "1836"]
[PlyCount "51"]
[EventDate "2013.07.11"]
[EventType "swiss"]
[EventRounds "7"]
[EventCountry "GER"]
[SourceTitle "CBM 155 Extra"]
[Source "ChessBase"]
[SourceDate "2013.08.26"]
[SourceVersion "1"]
[SourceVersionDate "2013.08.26"]
[SourceQuality "1"]

1. d4 d5 2. Nf3 Nf6 3. c4 e6 4. Nc3 Be7 5. Bf4 c6 6. e3 Nbd7 7. cxd5 Nxd5 8. Nxd5 exd5 9. a3 Nf6 10. h3 Bf5 11. Bd3 Be4 12. Be5 0-0 13. 0-0 Re8 14. Ng5 Bxd3 15. Qxd3 g6 16. Qb3 Nd7 17. Nf3 Qc8 18. Bf4 Bf6 19. Rac1 Bg7 20. Rc3 Nf8 21. Rfc1 Ne6 22. Bg3 Qd7 23. Ne5 Bxe5 24. Bxe5 Rac8 25. Qc2 Qe7 26. b4 1/2-1/2

[Event "Main Vogelsberg op 7th"]
[Site "Hanau"]
[Date "2012.06.08"]
[Round "3"]
[White "Goldschmidt, Andreas"]
[Black "Enders, Georg"]
[Result "1-0"]
[WhiteElo "1647"]
[BlackElo "1978"]
[PlyCount "53"]
[EventDate "2012.06.07"]
[EventType "swiss"]
[EventRounds "7"]
[EventCountry "GER"]
[SourceTitle "EXT 2013"]
[Source "ChessBase"]
[SourceDate "2012.11.22"]
[SourceVersion "1"]
[SourceVersionDate "2012.11.22"]
[SourceQuality "1"]

1. d4 Nf6 2. Nf3 g6 3. c4 Bg7 4. Nc3 d5 5. Bg5 c6 6. e3 0-0 7. Bd3 Bg4 8. h3 Be6 9. c5 b6 10. b4 Nfd7 11. Rc1 f6 12. Bh4 b5 13. 0-0 a5 14. a3 axb4 15. axb4 Na6 16. Rb1 Bf7 17. Re1 Re8 18. e4 g5 19. exd5 Bxd5 20. Nxd5 gxh4 21. Nf4 Nc7 22. Nxh4 Nf8 23. Nf5 Ng6 24. Qg4 Kh8 25. Nxg6+ hxg6 26. Qxg6 Bf8 27. Nh6 1-0

[Event "Hessen-ch Gr-D 62nd"]
[Site "Hanau"]
[Date "2008.03.21"]
[Round "1"]
[White "Riha, Peter"]
[Black "Goldschmidt, Andreas"]
[Result "0-1"]
[WhiteElo "1827"]
[BlackElo "1563"]
[PlyCount "82"]
[EventDate "2008.03.21"]
[EventType "swiss"]
[EventRounds "5"]
[EventCountry "GER"]
[SourceTitle "CBM 123 Extra"]
[Source "ChessBase"]
[SourceDate "2008.05.06"]
[SourceVersion "1"]
[SourceVersionDate "2008.05.06"]
[SourceQuality "1"]

1. d4 d5 2. c4 e6 3. Nc3 Nf6 4. Bg5 Be7 5. e3 0-0 6. Nf3 h6 7. Bh4 b6 8. Rc1 c5 9. Bxf6 Bxf6 10. cxd5 exd5 11. dxc5 Be6 12. cxb6 Qxb6 13. Qd2 Nd7 14. Be2 Rab8 15. Na4 Qb4 16. Qxb4 Rxb4 17. b3 Nb6 18. Nxb6 Rxb6 19. 0-0 a5 20. Nd4 Bxd4 21. exd4 Rb4 22. Rfd1 a4 23. bxa4 Rxa4 24. Rd2 Rfa8 25. Ra1 Ra3 26. Bd1 Bd7 27. Bb3 Rxb3 28. Rc1 Rba3 29. Rcc2 Bb5 30. f3 Bc4 31. Rc1 Rxa2 32. Rxa2 Rxa2 33. Rd1 f5 34. f4 g5 35. fxg5 hxg5 36. h3 Kg7 37. Kh2 f4 38. Kg1 Kg6 39. Kh1 Kh5 40. Kg1 Kh4 41. Rc1 Rd2 0-1